Rediseno del sistema de zonas de mantenimiento de los equipos de transmision. Telecomunicaciones- ICE
Guardado en:
| Autor principal: | |
|---|---|
| Formato: | Tesis Libro |
| Lenguaje: | Undetermined |
| Publicado: |
1977
|
| Materias: | |
| Etiquetas: |
Agregar Etiqueta
Sin Etiquetas, Sea el primero en etiquetar este registro!
|
MARC
| LEADER | 00000nam a2200000Ia 4500 | ||
|---|---|---|---|
| 001 | 2355 | ||
| 008 | 140114s9999 xx 000 0 und d | ||
| 100 | |a Aguilar, Guillermo | ||
| 245 | |a Rediseno del sistema de zonas de mantenimiento de los equipos de transmision. Telecomunicaciones- ICE | ||
| 260 | |c 1977 | ||
| 500 | |a NULL | ||
| 502 | |a Escuela de ingenieria Industrial | ||
| 650 | |z TELECOMUNICACIONES | ||
| 999 | |c 11568 |d 11568 | ||
